000 01098cam a22003257a 4500
003 CHAP
005 20220329141720.0
008 971013s1981 r 00010 d
010 _a72710
011 _a73682
035 _a83240
040 _cCHAP
090 _aFolleto 9697
100 0 0 _aGarcía de los Angeles, Rodolfo.
_945913
245 1 3 _aLa capacitación y su entorno laboral
260 _aMéxico, D.F. :
_bInstituto Nacional de Capacitación del Sector Agropecuario,
_c1981
300 _a19 p.
490 0 _aCuadernos de capacitación
_v; 1
590 _aBATCH-UPD
_b10
_c20130110
_lUCH01
_h0626
590 _aBATCH-UPD
_b10
_c20130410
_lUCH01
_h0309
590 _aBATCH-UPD
_b10
_c20130914
_lUCH01
_h0839
590 _aCONVERSION
_b10
_c20130109
_lUCH01
_h1340
650 1 4 _aCapacitación.
_918690
650 1 4 _aPersonal
_xAdministración de.
_987325
830 0 _aCuadernos de capacitación
_v; 1
_929750
901 _aBK
942 _cFOLL
949 _aFolleto 9697
_bBC
_cFOLL
_d-37717
_eTS1
_gI.c/e D
_i83240
_si
949 _aFolleto 9697
_bBC
_cFOLL
_d-37718
_eTS2
_fc.2
_gI.c/e Dir
_i83240
_si
999 _c72710
_d72710